Statistieken voor Provincies van Nederland via wapenschilden

Klik hier om de quiz te nemen!

Algemene statistieken

  • Deze quiz is 564 keer genomen
  • De gemiddelde score is 10 van 12

Antwoordstatistieken

Antwoord% Correct
Zeeland
91%
Groningen
85%
Utrecht
83%
Zuid-Holland
82%
Friesland
80%
Flevoland
79%
Limburg
79%
Noord-Brabant
79%
Noord-Holland
79%
Overijssel
79%
Drenthe
76%
Gelderland
76%

Scoreverdeling

Percentiel versus Aantal Correcte Antwoorden

Procent van Mensen met Elke Score

Uw Scoregeschiedenis

U heeft deze quiz nog niet genomen